Online Catalogue and eLibrary

Women and development : (Record no. 635)

MARC details
000 -LEADER
fixed length control field 00257nam a2200097Ia 4500
008 - FIXED-LENGTH DATA ELEMENTS--GENERAL INFORMATION
fixed length control field 240331s9999 xx 000 0 und d
082 ## - DDC Classification
Class No. 016
Item Number - Author Mark WOM
100 ## - MAIN ENTRY--PERSONAL NAME
Personal name Royal Tropic. ed
245 #0 - TITLE STATEMENT
Title Women and development :
Remainder of title an annotated bibliography 1990-1992
942 ## - Koha item type (Biblio)
Koha item type Books in Stacks (Lending)
Holdings
Lost status Damaged status Collection code Home library Current library Shelving location Date acquired Full call number Accession Number Item type
    Lending WERC Library WERC Library Social Science Cupboard 03/31/2024 016 WOM 3504 Books in Stacks (Lending)

© WERC Library